000 00345nam a22001457a 4500
003 OSt
008 250221b |||||||| |||| 00| 0 eng d
041 _aeng
082 _a005.133
_bPHI/IM
100 _aPhilips, Dwayne
_97215
245 _aImage Processing in C
250 _a1st
260 _aNew Delhi:
_bBPB Publications,
_c1995.
942 _cBK
999 _c19430
_d19430